00317cam a22001097a 4500008004000000082001600040100001500056245008400071260002500155300001000180650001700190180718b1974 xxu||||| |||| 00| 0 eng d aN12x54 L858 aLonger, V. aRed coats to olive green: a history of the Indian army, 1600-1974cby V. Longer aBombaybAlliedc1974 a543p. aArmy - India